Praktická mechanika zajímavě pro každého : Uvedení do technické mechaniky, nauky o mechanismech a částech strojů s přehledem motorů a pracovních strojů /

Hlavní autor: Krutina, Jaroslav
Jazyk: Čeština
Vydáno: Praha : Práce, 1952
Vydání: 2. vyd.
Edice: Technická minima
Fyzický popis: 260 s.
Knihy
Uloženo v:
LEADER 00838nam a2200241 a 4500
001 000079918
003 CZ BrMZK
005 19960313143423.0
007 ta
008 960713s1952 xr f cze d
015 |a cnb000404989 
035 |a (OCoLC)85174282 
040 |a BOA001  |b cze 
100 1 |a Krutina, Jaroslav  |7 jk01063603 
245 1 0 |a Praktická mechanika zajímavě pro každého :  |b Uvedení do technické mechaniky, nauky o mechanismech a částech strojů s přehledem motorů a pracovních strojů /  |c Jaroslav Krutina 
250 |a 2. vyd. 
260 |a Praha :  |b Práce,  |c 1952 
300 |a 260 s. 
490 1 |a Technická minima ;  |v sv. 10 
830 0 |a Technická minima  |0 s 
910 |a BOA001  |b 2-0294.422 
990 |a BK 
996 6 |b 2610720161  |c 2-0294.422  |l MZK  |r Sklad / do 24 hodin  |n 0  |p dar  |w 000079918  |u 000040  |a 1  |e BOA001  |j MZK50  |s P